[Event "Frankfurt Ch A 2017"]
[Site "Ffm-Höchst, BiKuZ"]
[Date "2017.05.29"]
[Round "6.19"]
[White "Krischak, Werner"]
[Black "Gräbner, Walter"]
[Result "0-1"]
[WhiteElo "1719"]
[BlackElo "1944"]
[PlyCount "120"]
[EventDate "2017.??.??"]
[WhiteTeam "SK Marburg"]
[BlackTeam "SC Nied"]

1. d4 Nf6 2. Nf3 d5 3. c4 e6 4. Nc3 c6 5. e3 Bd6 6. Qc2 O-O 7. Bd3 Nbd7 8. O-O
dxc4 9. Bxc4 b5 10. Be2 a6 11. Rd1 Qc7 12. a4 Bb7 13. h3 b4 14. Ne4 Nxe4 15.
Qxe4 c5 16. Qd3 Nf6 17. b3 Rfd8 18. Nd2 cxd4 19. exd4 e5 20. Bb2 e4 21. Qb1 Qe7
22. Nc4 Nd5 23. Ne3 Bf4 24. Nxd5 Bxd5 25. Bc4 e3 26. Qd3 Be4 27. Qe2 Qg5 28.
Qg4 exf2+ 29. Kxf2 Be3+ 30. Kg3 Qxg4+ 31. hxg4 Bd5 32. Rd3 Bg5 33. Re1 Bf6 34.
Kf4 h6 35. Re2 Rd6 36. Rd1 Rad8 37. Rc2 a5 38. Rd3 Re8 39. Kg3 Be4 40. Re3 Bxd4
41. Bxd4 Rxd4 42. Rf2 Re7 43. Rf4 g6 44. Bxf7+ Rxf7 45. Rfxe4 Rxe4 46. Rxe4 Rc7
47. Re5 Rc3+ 48. Kf4 Rxb3 49. Rxa5 Kf7 50. g5 hxg5+ 51. Rxg5 Ra3 52. Rb5 Rxa4
53. Ke5 Kg7 54. Kd5 Kh6 55. Kc4 Ra2 56. Rxb4 Rxg2 57. Kd3 Rf2 58. Ke3 Rf6 59.
Rb8 Kh5 60. Rh8+ Kg4 0-1

[Event "Frankfurt Ch A 2017"]
[Site "Ffm-Höchst, BiKuZ"]
[Date "2017.05.29"]
[Round "6.20"]
[White "Moldenhauer, Jürgen"]
[Black "Bratmann, Marc"]
[Result "1-0"]
[WhiteElo "1939"]
[BlackElo "1686"]
[PlyCount "45"]
[EventDate "2017.??.??"]
[WhiteTeam "SK Weinheim"]
[BlackTeam "TuS Dotzheim"]

1. d4 d5 2. c4 c6 3. Nf3 Nf6 4. Nc3 a6 5. c5 b6 6. cxb6 Qxb6 7. e3 e6 8. Bd3
Nbd7 9. O-O Bd6 10. b3 O-O 11. Bb2 e5 12. dxe5 Nxe5 13. Nxe5 Bxe5 14. Na4 Qc7
15. Bxe5 Qxe5 16. Qf3 Re8 17. Rac1 Qd6 18. Rc2 Ne4 19. Bxe4 dxe4 20. Qg3 Qxg3
21. hxg3 Re6 22. Rfc1 Bd7 23. Nb6 1-0

[Event "Frankfurt Ch A 2017"]
[Site "Ffm-Höchst, BiKuZ"]
[Date "2017.05.29"]
[Round "6.21"]
[White "Krüger, Till"]
[Black "Hinz, André"]
[Result "1-0"]
[WhiteElo "1935"]
[BlackElo "1729"]
[PlyCount "115"]
[EventDate "2017.??.??"]
[WhiteTeam "SC Nidderau"]
[BlackTeam "SC Brett vorm Kopp"]

1. e4 Nc6 2. Nf3 d6 3. d4 Nf6 4. Nc3 g6 5. h3 Bg7 6. Be2 O-O 7. Be3 a6 8. O-O
b5 9. a3 e6 10. Nd2 Bb7 11. f4 Ne7 12. Bf3 Rc8 13. Ne2 c5 14. c3 Qc7 15. Rc1
Nd7 16. Nb3 c4 17. Nd2 Nb6 18. Bf2 Na4 19. Rb1 f5 20. Qe1 Rfe8 21. Kh1 Bh6 22.
Bh4 Bg7 23. g4 fxe4 24. Nxe4 Bd5 25. Bg3 Qc6 26. Ng1 Kh8 27. Qe2 Nb6 28. Kh2
Nd7 29. Rbe1 h6 30. Nd2 Nf6 31. Bxd5 exd5 32. Qg2 Neg8 33. Ngf3 Rxe1 34. Rxe1
Re8 35. Nh4 Kh7 36. f5 g5 37. Ng6 Ne4 38. Nxe4 dxe4 39. Qd2 Nf6 40. Bf2 Qc7 41.
d5 Qb7 42. Rd1 Nd7 43. Be3 Be5+ 44. Kg2 Bf6 45. h4 gxh4 46. Bxh6 Ne5 47. Bg5
Nf3 48. Qf4 Nxg5 49. Qxd6 Bg7 50. Nxh4 Qe7 51. Qxa6 e3 52. Qg6+ Kg8 53. f6 e2
54. fxe7 exd1=Q 55. Qxe8+ Kh7 56. Qg6+ Kh8 57. e8=R+ Bf8 58. Rxf8# 1-0

[Event "Frankfurt Ch A 2017"]
[Site "Ffm-Höchst, BiKuZ"]
[Date "2017.05.29"]
[Round "6.24"]
[White "Koch, Markus"]
[Black "Adair, Robin"]
[Result "1-0"]
[WhiteElo "2066"]
[BlackElo "1685"]
[PlyCount "97"]
[EventDate "2017.??.??"]
[WhiteTeam "SC Brett vorm Kopp"]
[BlackTeam "SC Nidderau"]

1. d4 Nf6 2. c4 g6 3. Nc3 Bg7 4. e4 d6 5. f3 O-O 6. Nge2 a6 7. Be3 Nbd7 8. Qd2
c5 9. d5 b5 10. cxb5 Ne5 11. Ng3 axb5 12. Nxb5 Ba6 13. a4 c4 14. Nd4 Nfd7 15.
Be2 Nc5 16. O-O Qd7 17. h3 Rfb8 18. Rfb1 Ncd3 19. Bxd3 Nxd3 20. Nge2 Nc5 21.
Qd1 Nb3 22. Ra3 Rb7 23. Nc6 e6 24. Ned4 exd5 25. exd5 Re8 26. Bf2 Nxd4 27. Bxd4
Bxd4+ 28. Qxd4 Qf5 29. Rd1 Qc2 30. Rd2 Qc1+ 31. Kh2 Qe1 32. Rc3 h5 33. Rcc2 h4
34. Rf2 c3 35. Qxc3 Qa1 36. Qd4 g5 37. Qf6 Qxa4 38. Qxg5+ Kh7 39. b4 Rxb4 40.
Nxb4 Qxb4 41. Rc7 Rf8 42. Ra7 Bd3 43. f4 Qd4 44. Qxh4+ Kg7 45. Qg3+ Kh7 46. Ra3
Bf5 47. Qh4+ Kg7 48. Qg5+ Bg6 49. f5 1-0

[Event "Frankfurt Ch A 2017"]
[Site "Ffm-Höchst, BiKuZ"]
[Date "2017.05.29"]
[Round "6.25"]
[White "Rutsatz, Mario"]
[Black "Wolff, Juergen"]
[Result "0-1"]
[WhiteElo "1943"]
[BlackElo "1752"]
[PlyCount "84"]
[EventDate "2017.??.??"]
[WhiteTeam "SF Frankfurt"]
[BlackTeam "SC Somborn"]

1. d4 Nf6 2. c4 g6 3. Nc3 Bg7 4. Nf3 O-O 5. Bf4 d6 6. e3 c6 7. h3 a6 8. a4 Nbd7
9. Be2 Qc7 10. O-O e5 11. Bh2 Re8 12. c5 dxc5 13. dxe5 Nd5 14. Nxd5 cxd5 15. e6
Ne5 16. Bxe5 Bxe5 17. Qxd5 Bxb2 18. exf7+ Qxf7 19. Qxf7+ Kxf7 20. Rab1 Ba3 21.
Rb6 Re7 22. e4 Ke8 23. e5 Re6 24. Rb3 Bb4 25. Bc4 Re7 26. Re3 Bd7 27. Bb3 Bc6
28. e6 Bxf3 29. Rxf3 b5 30. Bd5 Rc8 31. axb5 axb5 32. Ra1 Kd8 33. Rf8+ Re8 34.
Rf7 Re7 35. Ra7 Rxa7 36. Rxa7 c4 37. Rd7+ Ke8 38. Be4 Be7 39. Kf1 b4 40. Ke2 c3
41. Kd1 b3 42. Rb7 c2+ 0-1

[Event "Frankfurt Ch A 2017"]
[Site "Ffm-Höchst, BiKuZ"]
[Date "2017.05.29"]
[Round "6.26"]
[White "Beinrucker, Markus"]
[Black "Bergner, Matthias"]
[Result "1-0"]
[WhiteElo "1887"]
[BlackElo "1577"]
[PlyCount "73"]
[EventDate "2017.??.??"]
[WhiteTeam "SK Niederbrechen"]
[BlackTeam "SV Neu-Isenburg"]

1. d4 d5 2. Bf4 e6 3. e3 Bd6 4. Bg3 Nf6 5. Nd2 Nbd7 6. Ngf3 Bxg3 7. hxg3 h6 8.
Bd3 c5 9. c3 c4 10. Bc2 b5 11. Ne5 Nxe5 12. dxe5 Nd7 13. f4 Bb7 14. Qg4 Qb6 15.
Qe2 O-O-O 16. Nf3 f5 17. Nd4 Nc5 18. g4 g6 19. gxf5 gxf5 20. a3 Rdg8 21. Kd2
Kb8 22. Rag1 Rg6 23. g4 Rhg8 24. Rh4 Ne4+ 25. Bxe4 dxe4 26. Rgh1 Bc8 27. R1h2
Rxg4 28. Rxg4 Rxg4 29. Rxh6 Qd8 30. Kc2 Qg8 31. Kb1 a6 32. Ka2 Qg7 33. Qh2 Rg2
34. Qh4 Qg3 35. Rh7 Qxh4 36. Nc6+ Ka8 37. Ra7# 1-0

[Event "Frankfurt Ch A 2017"]
[Site "Ffm-Höchst, BiKuZ"]
[Date "2017.05.29"]
[Round "6.27"]
[White "Kautz, Thomas"]
[Black "Zimmer, Gerald"]
[Result "0-1"]
[WhiteElo "1760"]
[BlackElo "1863"]
[PlyCount "134"]
[EventDate "2017.??.??"]
[WhiteTeam "SK Niederbrechen"]
[BlackTeam "SC Bergen-Enkheim"]

1. d4 e6 2. Nf3 Nf6 3. c4 b6 4. Nc3 Bb7 5. Bg5 Be7 6. e3 d5 7. Bd3 Nbd7 8. O-O
O-O 9. cxd5 Nxd5 10. Nxd5 Bxg5 11. Nc3 c5 12. Be4 Bxe4 13. Nxe4 Be7 14. Rc1 f5
15. Nc3 Bf6 16. Qb3 Qe7 17. Nb5 Rfc8 18. Rfd1 a6 19. Nc3 c4 20. Qc2 b5 21. d5
Nc5 22. dxe6 Nd3 23. Rb1 Qxe6 24. Ne1 Nb4 25. Qe2 Rd8 26. a3 Bxc3 27. bxc3 Nd5
28. Qc2 Nf6 29. Rd4 Rxd4 30. exd4 Re8 31. Nf3 Qe4 32. Rc1 Nd5 33. Ne5 Qxc2 34.
Rxc2 Re6 35. Kf1 g6 36. Nd7 Nc7 37. Nc5 Re7 38. Re2 Kf7 39. Rxe7+ Kxe7 40. Ke2
Kd6 41. Kd2 Kd5 42. Nd7 h6 43. Nf8 g5 44. Ng6 Ke6 45. Ne5 Nd5 46. g3 h5 47. Nf3
Kf6 48. h4 gxh4 49. Nxh4 f4 50. Nf3 fxg3 51. fxg3 Kf5 52. Ne5 Nf6 53. Ke3 Ne4
54. g4+ hxg4 55. Nxg4 Nxc3 56. Nf2 Nb1 57. Ne4 Nxa3 58. Nc5 Nc2+ 59. Kd2 Nxd4
60. Nxa6 Ke4 61. Kc3 Kd5 62. Nb4+ Kc5 63. Na2 Nc6 64. Kb2 b4 65. Nc1 Kd4 66.
Kc2 Ke3 67. Na2 b3+ 0-1

[Event "Frankfurt Ch A 2017"]
[Site "Ffm-Höchst, BiKuZ"]
[Date "2017.05.29"]
[Round "6.28"]
[White "Grossjohann, Daniel"]
[Black "Wagner, Günter"]
[Result "1/2-1/2"]
[WhiteElo "1852"]
[BlackElo "1666"]
[PlyCount "106"]
[EventDate "2017.??.??"]
[WhiteTeam "SC Bad Soden"]
[BlackTeam "SV Groß-Gerau"]

1. e4 d6 2. d4 Nf6 3. Bd3 g6 4. Nf3 Bg7 5. h3 O-O 6. Be3 Na6 7. c3 c5 8. Bxa6
bxa6 9. dxc5 Nxe4 10. cxd6 Nxd6 11. O-O Rb8 12. Qe2 Qc7 13. Na3 Nb5 14. Nc2 Be6
15. Nd2 Nxc3 16. bxc3 Bxc3 17. Nd4 Bxa1 18. Nxe6 fxe6 19. Rxa1 Qc3 20. Rf1 Rb2
21. Qxa6 Rxd2 22. Bxd2 Qxd2 23. Qxa7 Kf7 24. a3 Rd8 25. Qe3 Qd6 26. Re1 Rc8 27.
Qb3 Qd5 28. Qe3 Ra8 29. Qf4+ Qf5 30. Qb4 Qa5 31. Qxa5 Rxa5 32. Ra1 e5 33. a4
Ke6 34. Kf1 Kd5 35. Ke2 Kc4 36. Ke3 Kb3 37. Rb1+ Kc2 38. Rb4 Kc3 39. Rh4 h5 40.
Re4 Kb3 41. f3 Rc5 42. h4 Rc2 43. g4 Rc5 44. g5 Rc3+ 45. Kf2 Rc2+ 46. Kg3 Rc5
47. f4 Rc3+ 48. Kf2 Rc2+ 49. Kf3 Rc5 50. fxe5 e6 51. Kf4 Ra5 52. Ke3 Rxa4 53.
Rxa4 Kxa4 1/2-1/2

[Event "Frankfurt Ch A 2017"]
[Site "Ffm-Höchst, BiKuZ"]
[Date "2017.05.29"]
[Round "6.29"]
[White "Diehl, Stefan"]
[Black "Schmitt, Roland"]
[Result "1/2-1/2"]
[WhiteElo "1749"]
[BlackElo "1848"]
[PlyCount "97"]
[EventDate "2017.??.??"]
[WhiteTeam "SC Höchst"]
[BlackTeam "SK Großsachsen"]

1. f4 g6 2. Nf3 Bg7 3. e3 c5 4. d4 d6 5. Bd3 Nf6 6. O-O O-O 7. c3 Nc6 8. Nbd2
cxd4 9. exd4 e5 10. fxe5 dxe5 11. dxe5 Ng4 12. Ne4 Qb6+ 13. Kh1 Bf5 14. Qb3
Rad8 15. Qxb6 axb6 16. Nf6+ Bxf6 17. Bxf5 gxf5 18. exf6 Rfe8 19. h3 Rd1 20. Bg5
Nf2+ 21. Kg1 Rxa1 22. Rxa1 Re2 23. Re1 Rxe1+ 24. Nxe1 Ne4 25. Bh4 Ne5 26. Kf1
Nc4 27. Nd3 Ne3+ 28. Kg1 b5 29. Bf2 Nd5 30. Nc5 Nxc5 31. Bxc5 Nxf6 32. Bd4 Nd5
33. g3 Kf8 34. Kf2 Ke7 35. b3 Ke6 36. a3 h5 37. Kf3 Ne7 38. Kf4 f6 39. h4 Ng6+
40. Kf3 f4 41. g4 Nxh4+ 42. Kxf4 Ng6+ 43. Kg3 hxg4 44. Kxg4 f5+ 45. Kf3 Kd5 46.
Bf6 Ke6 47. Bd4 Nh4+ 48. Kg3 Ng6 49. Kf3 1/2-1/2

[Event "Frankfurt Ch A 2017"]
[Site "Ffm-Höchst, BiKuZ"]
[Date "2017.05.29"]
[Round "6.30"]
[White "Göbel, Andreas"]
[Black "Hambel, Christoph"]
[Result "1/2-1/2"]
[WhiteElo "1845"]
[BlackElo "1637"]
[PlyCount "57"]
[EventDate "2017.??.??"]
[WhiteTeam "SC Brett vorm Kopp"]
[BlackTeam "Bad Vilbeler Sfr"]

1. c4 Nf6 2. Nc3 g6 3. g3 Bg7 4. Bg2 O-O 5. Nf3 c6 6. d4 d5 7. b3 dxc4 8. bxc4
Nbd7 9. O-O Nb6 10. c5 Nbd5 11. Bb2 Re8 12. Nxd5 cxd5 13. e3 Ne4 14. Nd2 Nxc5
15. Nb3 Ne4 16. Rc1 Bd7 17. Qd3 Bf5 18. Qb5 Qd7 19. Qxd7 Bxd7 20. Bxe4 dxe4 21.
Na5 Bh3 22. Rfd1 Rac8 23. Ba3 Bg4 24. Rd2 Rxc1+ 25. Bxc1 Rc8 26. Ba3 Rc3 27.
Bb2 Rc7 28. Nb3 b6 29. Kg2 1/2-1/2

[Event "Frankfurt Ch A 2017"]
[Site "Ffm-Höchst, BiKuZ"]
[Date "2017.05.29"]
[Round "6.31"]
[White "Schmieder, Stefan"]
[Black "Ottenburg, Ralph"]
[Result "0-1"]
[WhiteElo "1709"]
[BlackElo "1833"]
[PlyCount "52"]
[EventDate "2017.??.??"]
[WhiteTeam "SC Bad Soden"]
[BlackTeam "SF Frankfurt"]

1. e4 e5 2. Bc4 Nf6 3. d3 c6 4. Nf3 d5 5. Bb3 a5 6. a4 Bb4+ 7. c3 Bd6 8. O-O
Nbd7 9. exd5 cxd5 10. Re1 O-O 11. Na3 h6 12. Nb5 Bb8 13. d4 e4 14. Nd2 Nb6 15.
c4 Bxh2+ 16. Kxh2 Ng4+ 17. Kg3 f5 18. Nxe4 fxe4 19. f3 exf3 20. gxf3 Nf6 21.
Re5 Nxc4 22. Bxc4 dxc4 23. Qe2 Qd7 24. Qh2 Qf7 25. Qh4 Ng4 26. f4 Nxe5 0-1

[Event "Frankfurt Ch A 2017"]
[Site "Ffm-Höchst, BiKuZ"]
[Date "2017.05.29"]
[Round "6.32"]
[White "Stock, Jürgen"]
[Black "Böhme, Jonas"]
[Result "0-1"]
[WhiteElo "1831"]
[BlackElo "1561"]
[PlyCount "66"]
[EventDate "2017.??.??"]
[WhiteTeam "SC Eschborn"]
[BlackTeam "SK Bad Homburg"]

1. d4 d5 2. e3 Nf6 3. Bd3 Nc6 4. f4 Nb4 5. Bb5+ c6 6. Be2 Bf5 7. Na3 e6 8. c3
Na6 9. Bxa6 bxa6 10. Qa4 Qb6 11. Nf3 Bd6 12. O-O Bd3 13. Re1 O-O 14. Qd1 Bf5
15. Nc2 Bg4 16. h3 Bh5 17. g4 Bg6 18. Re2 Be4 19. Nce1 h6 20. g5 hxg5 21. Nxg5
Qd8 22. Nd3 Bf5 23. Rg2 Ne4 24. Nf2 Nxf2 25. Rxf2 f6 26. Nf3 Bxh3 27. Nh4 f5
28. Nf3 Bg4 29. Bd2 Rf6 30. Be1 Rg6 31. Kf1 Qb6 32. b3 Qb5+ 33. Qe2 Bh3+ 0-1

[Event "Frankfurt Ch A 2017"]
[Site "Ffm-Höchst, BiKuZ"]
[Date "2017.05.29"]
[Round "6.33"]
[White "Kretner, Georg-Ulrich"]
[Black "Senatov, Boris"]
[Result "1/2-1/2"]
[WhiteElo "1816"]
[BlackElo "1558"]
[PlyCount "105"]
[EventDate "2017.??.??"]
[WhiteTeam "SC Bad Nauheim"]
[BlackTeam "SC Heusenstamm"]

1. d4 Nf6 2. Nf3 e6 3. c4 b6 4. g3 Ba6 5. Qc2 c5 6. Bg2 Nc6 7. e3 Rc8 8. b3 d5
9. Ne5 Nb4 10. Qe2 cxd4 11. a3 d3 12. Nxd3 Nxd3+ 13. Qxd3 Qc7 14. Nd2 Be7 15.
Bb2 dxc4 16. bxc4 Bxc4 17. Nxc4 Qxc4 18. Qxc4 Rxc4 19. Bf1 Rc2 20. Bb5+ Kf8 21.
Bd4 Bc5 22. Bxf6 gxf6 23. O-O Kg7 24. Rfd1 h5 25. h4 f5 26. Rd7 a5 27. Kf1 Kf6
28. a4 Rb2 29. Be2 Rb4 30. Ra2 e5 31. Bd1 f4 32. exf4 exf4 33. Rd5 fxg3 34.
fxg3 Rg8 35. Kg2 Rxh4 36. Bxh5 Rb4 37. Bd1 Re8 38. Rad2 Ree4 39. Rd7 Ke6 40.
R2d3 Red4 41. R7xd4 Rxd4 42. Bb3+ Ke7 43. Re3+ Kf8 44. Rf3 Rd7 45. g4 Kg7 46.
Kh3 f6 47. Kh4 Rd2 48. Rc3 Re2 49. Kg3 Kf8 50. Kf3 Re5 51. Rd3 Ke7 52. Bc4 Bd6
53. Re3 1/2-1/2

[Event "Frankfurt Ch A 2017"]
[Site "Ffm-Höchst, BiKuZ"]
[Date "2017.05.29"]
[Round "6.34"]
[White "Midanka, Vladimir Josef"]
[Black "Fröhlich-Dill, Astrid"]
[Result "0-1"]
[WhiteElo "1705"]
[BlackElo "1810"]
[PlyCount "114"]
[EventDate "2017.??.??"]
[WhiteTeam "SC Brett vorm Kopp"]
[BlackTeam "SV Hofheim"]

1. e4 e6 2. d4 b6 3. Bd3 Bb7 4. Nf3 Nf6 5. Qe2 Be7 6. Bg5 h6 7. Bh4 c5 8. c3
cxd4 9. Nxd4 O-O 10. Nd2 Nc6 11. N2f3 Nh5 12. Bxe7 Qxe7 13. Qe3 Nxd4 14. Nxd4
Qf6 15. g3 Qe7 16. Rg1 d5 17. e5 g5 18. h4 f5 19. exf6 Qxf6 20. hxg5 Qxg5 21.
Qxg5+ hxg5 22. Rh1 Ng7 23. Bh7+ Kf7 24. O-O-O Ke7 25. Rhf1 Rf6 26. Bd3 Raf8 27.
Rd2 e5 28. Re2 e4 29. Bb5 a6 30. Ba4 Kd6 31. Kd1 Nf5 32. Nxf5+ Rxf5 33. Ke1 Rh8
34. Bc2 a5 35. Rd2 Ba6 36. Rg1 Re5 37. Bb3 Kc5 38. a3 Rh2 39. Kd1 Rf5 40. Ke1
Bc4 41. Bc2 Rf3 42. b3 Bd3 43. Bxd3 exd3 44. Rf1 g4 45. Kd1 b5 46. Kc1 Rg2 47.
Rfd1 a4 48. Rxd3 Rxd3 49. Rxd3 axb3 50. Rd4 Rxf2 51. Rxg4 Ra2 52. Rb4 Rc2+ 53.
Kb1 Rxc3 54. g4 Rg3 55. Kb2 d4 56. g5 Rxg5 57. Rxb3 Rg2+ 0-1

[Event "Frankfurt Ch A 2017"]
[Site "Ffm-Höchst, BiKuZ"]
[Date "2017.05.29"]
[Round "6.35"]
[White "Stoll, Ulrich"]
[Black "Weiland, Thomas"]
[Result "1/2-1/2"]
[WhiteElo "1704"]
[BlackElo "1767"]
[PlyCount "43"]
[EventDate "2017.??.??"]
[WhiteTeam "Bad Vilbeler Sfr"]
[BlackTeam "SV Oberursel"]

1. e4 d5 2. exd5 Qxd5 3. Nc3 Qd8 4. d4 Nf6 5. h3 c6 6. Nf3 Bf5 7. Bd3 Bxd3 8.
Qxd3 e6 9. O-O Nbd7 10. Bg5 Be7 11. Rfe1 O-O 12. Ne2 Re8 13. Rad1 h6 14. Be3
Nd5 15. c3 Nxe3 16. Qxe3 Nf6 17. Nf4 Nd5 18. Nxd5 exd5 19. Qc1 Qc7 20. Re2 Bf6
21. Rde1 Kf8 22. Rxe8+ 1/2-1/2

[Event "Frankfurt Ch A 2017"]
[Site "Ffm-Höchst, BiKuZ"]
[Date "2017.05.29"]
[Round "6.37"]
[White "Gutacker, Stephan"]
[Black "Zeyen, Helmut"]
[Result "1/2-1/2"]
[WhiteElo "1825"]
[BlackElo "1682"]
[PlyCount "82"]
[EventDate "2017.??.??"]
[WhiteTeam "Sfr. Kelkheim"]
[BlackTeam "Wiesbadener SV"]

1. e4 d5 2. exd5 Nf6 3. d4 Qxd5 4. c4 Qd6 5. Nf3 Bg4 6. Be2 e6 7. Nc3 c6 8. h3
Bf5 9. O-O Be7 10. Qb3 Qb4 11. Qxb4 Bxb4 12. Bf4 Nbd7 13. a3 Bxc3 14. bxc3 O-O
15. Nh4 h6 16. Nxf5 exf5 17. Bd3 g6 18. Bxh6 Rfe8 19. Rab1 b6 20. Rfe1 Ne4 21.
Bxe4 fxe4 22. Re2 f5 23. Rbe1 Kf7 24. Bf4 Nf6 25. Be5 Nd7 26. Bf4 Nf6 27. Bg5
Nh7 28. h4 Nxg5 29. hxg5 Re7 30. f3 Rae8 31. fxe4 Rxe4 32. Rxe4 Rxe4 33. Rxe4
fxe4 34. Kf2 Ke6 35. g4 b5 36. cxb5 cxb5 37. Ke3 Kd5 38. Kf4 a6 39. Ke3 a5 40.
Kd2 Kd6 41. Ke2 Ke6 1/2-1/2

[Event "Frankfurt Ch A 2017"]
[Site "Ffm-Höchst, BiKuZ"]
[Date "2017.05.29"]
[Round "6.39"]
[White "Worzelberger, Armin"]
[Black "Fischer, Lutz"]
[Result "1-0"]
[WhiteElo "1770"]
[BlackElo "1609"]
[PlyCount "113"]
[EventDate "2017.??.??"]
[WhiteTeam "SC Grunbach"]
[BlackTeam "SF Frankfurt"]

1. e4 e6 2. f4 d5 3. e5 c5 4. c4 dxc4 5. Bxc4 a6 6. a4 Nc6 7. Nf3 Be7 8. Nc3
Nh6 9. O-O O-O 10. Kh1 b6 11. Ne2 Bb7 12. d4 cxd4 13. Nexd4 Qc7 14. Nxc6 Bxc6
15. Qe2 Qb7 16. Bd3 Rfd8 17. Bd2 Rd7 18. Rac1 a5 19. Rxc6 Qxc6 20. Be4 Qc8 21.
Rc1 Qd8 22. Bxa8 Qxa8 23. Qb5 Qd8 24. Be3 Bc5 25. Bxc5 bxc5 26. Qxc5 g6 27. h3
Nf5 28. Qc8 Kg7 29. Kh2 Ne7 30. Qxd8 Rxd8 31. Rc7 Nd5 32. Ra7 Nxf4 33. Rxa5 Rb8
34. Rb5 Rxb5 35. axb5 Nd5 36. Kg3 f6 37. Kf2 f5 38. Ng5 Kf8 39. Nxh7+ Ke7 40.
Nf6 Nb6 41. b3 Kd8 42. Ke3 Kc7 43. Kd4 Nc8 44. Kc5 Ne7 45. h4 f4 46. b6+ Kb7
47. Kd6 Nf5+ 48. Kxe6 Nxh4 49. Ne4 Kxb6 50. Kf7 f3 51. g3 Nf5 52. Kxg6 Nd4 53.
Kf7 Kc6 54. e6 Kd5 55. Nc3+ Kd6 56. e7 f2 57. Ne4+ 1-0

[Event "Frankfurt Ch A 2017"]
[Site "Ffm-Höchst, BiKuZ"]
[Date "2017.05.29"]
[Round "6.40"]
[White "Lehmann, Gerit"]
[Black "Benikhis, Avram"]
[Result "1/2-1/2"]
[WhiteElo "1568"]
[BlackElo "1743"]
[PlyCount "117"]
[EventDate "2017.??.??"]
[WhiteTeam "SF Frankfurt"]
[BlackTeam "SC Eschbach"]

1. d4 d5 2. c4 c6 3. cxd5 cxd5 4. Nc3 Nf6 5. Nf3 Qb6 6. Qc2 Nc6 7. e3 g6 8. a3
Bg7 9. Bd3 O-O 10. O-O e6 11. Re1 Bd7 12. Na4 Qd8 13. Nc5 Rb8 14. Nxd7 Nxd7 15.
Bd2 a6 16. Rac1 Rc8 17. Bc3 e5 18. dxe5 Ncxe5 19. Nxe5 Bxe5 20. Qd2 Qf6 21.
Bxe5 Qxe5 22. Be2 Nf6 23. Bf3 b6 24. Red1 Rxc1 25. Rxc1 Rd8 26. Qc3 Qxc3 27.
Rxc3 Rd6 28. Rd3 Nd7 29. Rxd5 Rxd5 30. Bxd5 Kf8 31. Kf1 Ke7 32. Ke2 f6 33. Bg8
h6 34. g3 Kd6 35. Bf7 Ne5 36. Ba2 Kc5 37. b3 a5 38. f4 Nc6 39. Kd3 Ne7 40. e4
Nc6 41. h3 b5 42. h4 g5 43. hxg5 hxg5 44. Ke3 Ne7 45. Bb1 Nc6 46. Bc2 Ne7 47.
Bd1 Nc6 48. Be2 Ne7 49. fxg5 fxg5 50. Bf3 Nc6 51. Bd1 Ne5 52. Be2 Nc6 53. Bf3
Ne5 54. Be2 Nc6 55. e5 Nd4 56. Bd1 Kd5 57. e6 Nxe6 58. Bf3+ Ke5 59. Bd1 1/2-1/2

[Event "Frankfurt Ch A 2017"]
[Site "Ffm-Höchst, BiKuZ"]
[Date "2017.05.29"]
[Round "6.41"]
[White "Hagel, Stephan"]
[Black "Illenberger, Dirk"]
[Result "1/2-1/2"]
[WhiteElo "1570"]
[BlackElo "1737"]
[PlyCount "36"]
[EventDate "2017.??.??"]
[WhiteTeam "SK Hungen"]
[BlackTeam "Berkershm"]

1. Nf3 c5 2. e4 g6 3. d4 cxd4 4. Nxd4 Nc6 5. Be3 Nf6 6. f3 d5 7. Nc3 Qa5 8. Qd2
dxe4 9. Nxc6 bxc6 10. Nxe4 Qxd2+ 11. Nxd2 Bf5 12. O-O-O Bg7 13. Bd4 O-O 14. Bc4
Nd5 15. Bxg7 Kxg7 16. Rhe1 Rfe8 17. a3 h5 18. Nb3 Nb6 1/2-1/2

[Event "Frankfurt Ch A 2017"]
[Site "Ffm-Höchst, BiKuZ"]
[Date "2017.05.29"]
[Round "6.42"]
[White "Merten, Rainer"]
[Black "Masoudi, Kian"]
[Result "1/2-1/2"]
[WhiteElo "1709"]
[BlackElo "1403"]
[PlyCount "39"]
[EventDate "2017.??.??"]
[WhiteTeam "SV Frankfurt Nord"]
[BlackTeam "SC Bergen-Enkheim"]

1. d4 d5 2. Nf3 Nc6 3. e3 Bg4 4. Be2 e6 5. Nbd2 Nf6 6. c4 Be7 7. a3 O-O 8. O-O
a6 9. b4 Qd7 10. Qb3 Ne4 11. Bd3 Nxd2 12. Nxd2 Bh5 13. Bb2 Bg6 14. Be2 Nd8 15.
Rac1 c6 16. Bd3 Rb8 17. Rfe1 f5 18. cxd5 cxd5 19. Nf3 Bd6 20. Rc2 1/2-1/2

[Event "Frankfurt Ch A 2017"]
[Site "Ffm-Höchst, BiKuZ"]
[Date "2017.05.29"]
[Round "6.43"]
[White "Breitbach, Stephan"]
[Black "Koellner, Ulrich"]
[Result "0-1"]
[WhiteElo "1503"]
[BlackElo "1706"]
[PlyCount "84"]
[EventDate "2017.??.??"]
[WhiteTeam "SC Landskrone"]
[BlackTeam "SV Hofheim"]

1. d4 Nf6 2. c4 g6 3. Nc3 d5 4. cxd5 Nxd5 5. e4 Nxc3 6. bxc3 Bg7 7. Nf3 c5 8.
Be3 Qa5 9. Qd2 Nc6 10. e5 O-O 11. Bc4 Rd8 12. Rd1 Nxe5 13. Nxe5 Bxe5 14. O-O
cxd4 15. cxd4 Qxd2 16. Rxd2 Bd6 17. Bg5 Kg7 18. Rb1 b6 19. Re2 f6 20. Bd2 Bf5
21. Rb3 Rac8 22. Ba6 Rc2 23. g4 Be4 24. Be3 Rxe2 25. Bxe2 Rc8 26. Rb2 Rc2 27.
Rxc2 Bxc2 28. Bb5 Be4 29. f4 Bb7 30. Bf1 a6 31. Bg2 Bxg2 32. Kxg2 e6 33. h4 Kf7
34. Kf3 Ke7 35. Ke4 f5+ 36. Kf3 b5 37. h5 gxh5 38. g5 a5 39. Kg3 Kf7 40. Bf2 b4
41. Kf3 a4 42. Ke3 Bxf4+ 0-1

[Event "Frankfurt Ch A 2017"]
[Site "Ffm-Höchst, BiKuZ"]
[Date "2017.05.29"]
[Round "6.44"]
[White "Henrich, Frederik"]
[Black "Dohmes, Swidbert"]
[Result "0-1"]
[WhiteElo "1693"]
[BlackElo "1581"]
[PlyCount "82"]
[EventDate "2017.??.??"]
[WhiteTeam "SV Hofheim"]
[BlackTeam "SV Hofheim"]

1. e4 e5 2. Bc4 Nc6 3. Nc3 Nf6 4. d3 Be7 5. f4 O-O 6. Nf3 d6 7. f5 Na5 8. O-O
c6 9. a3 Nxc4 10. dxc4 Ng4 11. Qe1 Re8 12. Kh1 h6 13. Qg3 h5 14. h3 Nf6 15. Bh6
Bf8 16. Ng5 Nh7 17. Nxf7 Qf6 18. Nxd6 Bxd6 19. Be3 Bd7 20. Rad1 Red8 21. Rd2
Be8 22. Rfd1 b6 23. a4 Bc7 24. b3 Rxd2 25. Rxd2 Rd8 26. Qf2 Rxd2 27. Qxd2 Qd6
28. Qf2 c5 29. Nd5 Bd8 30. a5 Nf6 31. Nc3 Bc6 32. axb6 axb6 33. Qf3 Be8 34. Nd5
h4 35. Bc1 Nh5 36. Kh2 Ng3 37. Qd3 Bh5 38. Kg1 Ne2+ 39. Kf2 Nxc1 40. Qd2 Ne2
41. c3 Nf4 0-1

[Event "Frankfurt Ch A 2017"]
[Site "Ffm-Höchst, BiKuZ"]
[Date "2017.05.29"]
[Round "6.45"]
[White "Ackermann, Robert"]
[Black "Lanz, Jürgen"]
[Result "1/2-1/2"]
[WhiteElo "1683"]
[BlackElo "1560"]
[PlyCount "58"]
[EventDate "2017.??.??"]
[WhiteTeam "SC Bad Soden"]
[BlackTeam "SC Hattersheim"]

1. d4 Nf6 2. Nf3 g6 3. c4 d5 4. Nbd2 Bg7 5. g3 O-O 6. Bg2 Ne4 7. e3 c6 8. O-O
Bg4 9. Qb3 b6 10. cxd5 cxd5 11. Nxe4 dxe4 12. Ng5 Nc6 13. Nxe4 Na5 14. Qb4 Rc8
15. Qe1 e5 16. d5 Bd7 17. Nc3 e4 18. Bxe4 Bxc3 19. bxc3 Bb5 20. Bd2 Bxf1 21.
Kxf1 f5 22. Bg2 Qf6 23. Rc1 Nc4 24. Qe2 Rf7 25. Be1 Rfc7 26. Kg1 Qe5 27. Rb1
Nd6 28. Rb4 Rc4 29. Rb3 Ne4 1/2-1/2

[Event "Frankfurt Ch A 2017"]
[Site "Ffm-Höchst, BiKuZ"]
[Date "2017.05.29"]
[Round "6.47"]
[White "Schellen, Sven"]
[Black "Hofmann, Werner"]
[Result "1/2-1/2"]
[WhiteElo "1801"]
[BlackElo "1590"]
[PlyCount "93"]
[EventDate "2017.??.??"]
[WhiteTeam "SF Frankfurt"]
[BlackTeam "SV Kelsterbach"]

1. d4 d5 2. c4 c6 3. Nf3 f5 4. g3 e6 5. Bg2 Bd6 6. O-O Nf6 7. Nc3 O-O 8. Bg5
Bd7 9. Ne5 Be8 10. f3 Nbd7 11. Nxd7 Qxd7 12. e4 fxe4 13. Bxf6 Rxf6 14. fxe4
dxc4 15. Rxf6 gxf6 16. Qg4+ Bg6 17. d5 Bc5+ 18. Kh1 Kf7 19. Rf1 Bb4 20. Bh3 Re8
21. dxe6+ Qxe6 22. Qxe6+ Rxe6 23. Bxe6+ Kxe6 24. Rf4 Bxc3 25. bxc3 Ke5 26. Kg2
Bxe4+ 27. Kf2 b5 28. Ke3 Bd3 29. Rd4 a5 30. Rd8 b4 31. Ra8 bxc3 32. Rxa5+ Kd6
33. Ra3 c2 34. Rc3 Kc5 35. Kd2 f5 36. h4 h5 37. Rxc2 Bxc2 38. Kxc2 Kb4 39. a3+
Kxa3 40. Kc3 Ka2 41. Kxc4 Kb2 42. Kc5 Kc3 43. Kxc6 Kd4 44. Kd6 f4 45. gxf4 Ke4
46. f5 Kxf5 47. Kd5 1/2-1/2